Tratamiento térmico de las aleaciones de aluminio / (Record no. 70200)

MARC details
000 -LEADER
campo de control de longitud fija 00792nam a2200193 i 4500
001 - NÚMERO DE CONTROL
campo de control 70200
003 - IDENTIFICADOR DE NÚMERO DE CONTROL
campo de control ES-MaACL
005 - FECHA Y HORA DE LA ÚLTIMA TRANSACCIÓN
campo de control 20230906170741.0
007 - CAMPO FIJO DE DESCRIPCIÓN FÍSICA--INFORMACIÓN GENERAL
campo de control de longitud fija t|
008 - DATOS DE LONGITUD FIJA--INFORMACIÓN GENERAL
campo de control de longitud fija 040720s1970 sp ||||1| spa d
100 1# - ENTRADA PRINCIPAL--NOMBRE DE PERSONA
Nombre de persona García Poggio, José Antonio.
9 (RLIN) 55126
245 10 - MENCIÓN DEL TÍTULO
Título Tratamiento térmico de las aleaciones de aluminio /
Mención de responsabilidad, etc. por José Antonio García Poggio, Enrique Asensi Alvarez-Arenas, Juan Manuel de la Torre Cursach.
260 ## - PUBLICACIÓN, DISTRIBUCIÓN, ETC.
Lugar de publicación, distribución, etc. Madrid :
Nombre del editor, distribuidor, etc. Instituto Nacional de Técnica Aeroespacial "Esteban Terradas",
Fecha de publicación, distribución, etc. 1970.
300 ## - DESCRIPCIÓN FÍSICA
Extensión VII, 146 p. :
Otras características físicas il. ;
Dimensiones 94 cm.
700 1# - ENTRADA AGREGADA--NOMBRE PERSONAL
Nombre de persona Asensi Alvarez-Arenas, Enrique.
9 (RLIN) 23574
700 1# - ENTRADA AGREGADA--NOMBRE PERSONAL
Nombre de persona Torre Cursach, Juan Manuel de la.
9 (RLIN) 110771
710 2# - ENTRADA AGREGADA--NOMBRE DE ENTIDAD CORPORATIVA
Nombre de entidad corporativa o nombre de jurisdicción como elemento de entrada Instituto Nacional de Técnica Aeroespacial (España)
9 (RLIN) 5191
852 ## - LOCALIZACIÓN
Ubicación ES-MaACL
Número de control de estantería C-44101
Sublocalización o colección R.72805
Holdings
Estatus retirado Estado de pérdida Estado de daño No para préstamo Biblioteca de origen Biblioteca actual Ubicación en estantería Fecha de adquisición Fuente de adquisición Total de préstamos Signatura topográfica completa Código de barras Visto por última vez Precio de reemplazo Tipo de ítem Koha
        Biblioteca del Ateneo de Madrid Biblioteca del Ateneo de Madrid Depósito 2 17/01/2008     C-44101 1073509 23/02/2023 23/02/2023 Libro impreso